Sociologie des crises politiques : la dynamique des mobilisations multisectorielles

Αποθηκεύτηκε σε:
Λεπτομέρειες βιβλιογραφικής εγγραφής
Κύριος συγγραφέας: Dobry, Michel
Μορφή: Βιβλίο
Γλώσσα:French
Δημοσίευση: Paris : Presses de la Fondation nationale des sciences politiques, c1989
Θέματα:
Ετικέτες: Προσθήκη ετικέτας
Δεν υπάρχουν, Καταχωρήστε ετικέτα πρώτοι!

MARC

LEADER 00000nam a2200000 i 4500
001 1/78552
008 990427s1986 fre d
020 |a 2-72-460533-0 
035 |l 10050177 
040 |a GR-MY-UA  |b gre  |e aacr 
041 0 |a fre 
082 0 |a 306.2 
100 1 |a Dobry, Michel. 
245 1 0 |a Sociologie des crises politiques :  |b la dynamique des mobilisations multisectorielles /  |c Michel Dobry 
260 |a Paris :   |b Presses de la Fondation nationale des sciences politiques,   |c c1989 
300 |a 319 p. 
504 |a Includes bibliographies and indexes 
650 0 0 |a Political sociology. 
651 0 |a France  |x Politics and government  |y 20th century. 
852 |a INST  |b LESVOS  |e 19990427  |h 306.2 DOB  |p 005100016375  |q 005100016375  |t BK  |y 0 
901 |a BIBL1-1999-2 
909 |a Λ  |b 061847 
922 |a 1ΕΛΗ  |b 199812  |c ΚΠΣ/ΤΚ  |d ΠΑΠΑΣΩΤΗΡΙΟΥ 
950 |a 103-1998-07-27